000 00644cam a2200157ua 4500
041 _aeng
_h
082 _a627.52
_bINT/FO
110 1 _aI C ID .
_b
_c()
245 _aFourteenth international congress on irrigation and drainage Brazil vol-1-F
260 _a :
_bI C I D and CIID ,
_c1990.
300 _a160 ; .
500 _a20270 Ref
504 _a
942 _cBK
999 _c5669
_d5669